The villa / (Record no. 1314)

MARC details
000 -LEADER
fixed length control field 00624cam a22002658a 4500
005 - DATE AND TIME OF LATEST TRANSACTION
control field 20260322212055.0
008 - FIXED-LENGTH DATA ELEMENTS--GENERAL INFORMATION
fixed length control field data
010 ## - LIBRARY OF CONGRESS CONTROL NUMBER
LC control number 00059159
020 ## - INTERNATIONAL STANDARD BOOK NUMBER
International Standard Book Number 0515132187
020 ## - INTERNATIONAL STANDARD BOOK NUMBER
International Standard Book Number 0399147128
020 ## - INTERNATIONAL STANDARD BOOK NUMBER
International Standard Book Number 9780399147128
020 ## - INTERNATIONAL STANDARD BOOK NUMBER
International Standard Book Number 9780515132182
040 ## - CATALOGING SOURCE
Original cataloging agency DLC
Transcribing agency DLC
099 ## - LOCAL FREE-TEXT CALL NUMBER (OCLC)
Classification number ROBERN
001 - CONTROL NUMBER
control field data
100 1# - MAIN ENTRY--PERSONAL NAME
Personal name Roberts, Nora.
245 14 - TITLE STATEMENT
Title The villa /
Statement of responsibility, etc. Nora Roberts.
260 ## - PUBLICATION, DISTRIBUTION, ETC.
Place of publication, distribution, etc. New York :
Name of publisher, distributor, etc. G.P. Putnam's Sons,
Date of publication, distribution, etc. 2001.
263 ## - PROJECTED PUBLICATION DATE
Projected publication date 0103.
300 ## - PHYSICAL DESCRIPTION
Extent 421 p. ;
Dimensions 24 cm.
650 #0 - SUBJECT ADDED ENTRY--TOPICAL TERM
Topical term or geographic name entry element Wine and wine making
Form subdivision Fiction.
651 #0 - SUBJECT ADDED ENTRY--GEOGRAPHIC NAME
Geographic name Italy
Form subdivision Fiction.
655 #7 - INDEX TERM--GENRE/FORM
Genre/form data or focus term Love stories.
752 ## - ADDED ENTRY--HIERARCHICAL PLACE NAME
Country or larger entity cs-c 08/06.
Holdings
Withdrawn status Lost status Damaged status Not for loan Home library Current library Shelving location Date acquired Total checkouts Full call number Barcode Date last seen Price effective from Koha item type
        Centerville Centerville General stacks 22/03/2026   GEN BC0011357 22/03/2026 22/03/2026 Books